Normal view
MARC view
Entry Término temático
001 - NÚMERO DE CONTROL
- campo de control: 81054
003 - IDENTIFICADOR DEL NÚMERO DE CONTROL
- campo de control: DO-SdBNP
005 - FECHA Y HORA DE LA ÚLTIMA TRANSACCIÓN
- campo de control: 20220131094039.0
008 - DATOS DE LONGITUD FIJA
- campo de control de longitud fija: 220131|| aca||aabn | a|a d
040 ## - FUENTE DE LA CATALOGACIÓN
- Centro catalogador/agencia de origen: DO-SdBNP
- Centro/agencia transcriptor: DO-SdBNP
150 ## - ENCABEZAMIENTO--TÉRMINO DE MATERIA
- Término de materia o nombre geográfico como elemento de entrada: Iglesia católica
- Subdivisión general: Congresos, conferencias, ect.
- Subdivisión cronológica: 1990
- Subdivisión geográfica: América Latina
670 ## - FUENTE DE DATOS ENCONTRADOS
- Cita de la fuente: Work cat.: (DO-SdBNP)15837: Conferencia general del espicopado latinoamericano (3ra : 1979 : marzo 23 México 36392, Puebla :, 1990
